00748nam a2200205 i 4500001000700000003000900007005001700016007000300033008004100036080003300077100003800110245006300148260005500211300002200266600006900288700002300357852002200380999001900402952012100421128301ES-MaACL20250717013401.0t|070628s1958 sp ||||1| spa d a821.133.1 Zola, Émile 1.061 aZola, Émile,d1840-1902911833110aEnsayos ante una traducción, "Ensueño" / cJ. Barcala. aMadrid : b[s.n., c1958] (fDiana Artes Gráfs.) a561 p. ; c19 cm.14aZola, Émile,d1840-1902-xCrítica e interpretación91725911 aBarcala, J.9254944 aES-MaACLjC-15117 c128301d128301 00104070aATENEOMbATENEOMcFICHd2008-01-17eSCl0oC-15117p1133627r2023-02-23 00:00:00w2023-02-23yMONOGRAFIA